000 00339nam a22001457a 4500
003 SGT
020 _a9781853262135
082 _a813.4,JAM
100 _aJAMES,HENRY
245 _aDAISY MILLER AND OTHER STORIES
260 _aWADSWORTH OUBLISHING
_c2006
300 _a230
650 _a American fiction in English
942 _2ddc
_cBK
_017
999 _c22020
_d22020